| 000 | 00794cam a2200241 a 4500 | ||
|---|---|---|---|
| 001 | 000018111 | ||
| 005 | 20200929165347.0 | ||
| 008 | 750210s1974 xxc b 000 0 fre d | ||
| 020 | _a0776189018 | ||
| 040 |
_aDO-SdBNP _bfre _cLC _dBNPHU |
||
| 082 |
_a844.54 _bB863i |
||
| 100 | 1 |
_aBrochu, André. _939252 |
|
| 245 | 1 | 2 |
_aL'instance critique : _b1961-1973 / _cAndré Brochu ; presentación Francois Ricard. |
| 260 |
_aQuébec : _bLeméac, _c1974. |
||
| 300 |
_a375 p. ; _c20 cm. |
||
| 500 | _aA collection of the author's previously published articles. | ||
| 504 | _aBibliografías: p. 369-371. | ||
| 650 | 4 |
_aEnsayos canadiense _939253 |
|
| 650 | 4 |
_aLiteratura canadiense _ySIGLO XX _97991 |
|
| 700 | 1 |
_aRicard, Francois. _939254 |
|
| 910 | _aCatalogación por copia / LC | ||
| 049 | _aBNGR | ||
| 999 |
_c17632 _d17632 |
||